000 00287nam a2200121Ia 4500
008 190216s9999||||xx |||||||||||||| ||und||
100 _aRekha Madhubal
245 0 _aHindi- Paryabarn Aur Pradusharna
260 _bGurjan Prakashan
_c2007
300 _a64
650 _aHindi
942 _cBK
999 _c16486
_d16486